000 00741nam a2200217Ia 4500
003 GCL
008 140319s9999 xx 000 0 ara d
040 _aGCL /
_cGCL
082 0 4 _a956.9001
_bع ص
100 1 _aمحمد حسنين هيكل
245 1 0 _aالصهيونية والنازية ونهاية التاريخ :
_bرؤية حضارية جديدة /
_cمحمد حسنين هيكل
700 1 _aعبدالوهاب المسيرى
250 _aالثانية
260 _aالقاهرة :
_bدار الشروق ،
_c1997
300 _a303 ص ؛
_c24 سم
650 0 4 _aالصهيونية
650 0 4 _aالنازية
650 0 4 _aاليهود - تاريخ
650 0 4 _aاليهودية - جمعيات
942 _2ddc
_cBK
999 _c49819
_d49819